000 00897nam a2200265 i 4500
001 bg
003 BPK
005 20210923133048.0
008 990421s1983 pl f |001 0 pol
015 _aPB 1984/773
020 _a8301025816
040 _aWA N
_cBPK
041 0 _apol
080 _a1(091)
100 1 _aTatarkiewicz, Władysław
_d(1886-1980)
_eAutor
245 1 0 _aHistoria filozofii.
_nT. 1,
_pFilozofia starożytna i średniowieczna /
_cWładysław Tatarkiewicz.
246 3 0 _aFilozofia starożytna i średniowieczna
250 _a[Wyd. 10].
260 _aWarszawa :
_bPańst. Wydaw. Naukowe,
_c1983
_e(Rzesz :
_fRZG).
300 _a386, [2] s. portr. ;
_c25 cm.
504 _aBibliogr. Indeks.
650 4 _aFilozofia
_xhistoria
_ydo 15 w.
856 _uhttp://koha.tu.koszalin.pl/cgi-bin/koha/opac-detail.pl?biblionumber=22577
_yKatalog online BPK
942 _2UKD
_cKS
999 _c22577
_d22577